000 00329nam a22001337a 4500
005 20240705141754.0
008 240705b |||||||| |||| 00| 0 eng d
041 _aeng
100 _aJAIN, N.K.
245 _aSCIENCE AND SCIENTISTS IN INDIA [ VEDIC TO MODERN ]
260 _aDELHI
_bKALYANI INDIA
300 _a162;p
942 _cBK
999 _c8541
_d8539